LOGICA DEL DERECHO (Registro nro. 42955)
[ vista simple ]
| 000 -LEADER | |
|---|---|
| fixed length control field | 00941nam a2200229 a 4500 |
| 001 - CONTROL NUMBER | |
| control field | 42955 |
| 005 - DATE AND TIME OF LATEST TRANSACTION | |
| control field | 20180714021320.0 |
| 008 - FIXED-LENGTH DATA ELEMENTS--GENERAL INFORMATION | |
| fixed length control field | 140415s1999 mx 000 0 spa d |
| 020 ## - INTERNATIONAL STANDARD BOOK NUMBER | |
| International Standard Book Number | 968476149X |
| 041 ## - LANGUAGE CODE | |
| Language code of text/sound track or separate title | spa |
| 082 ## - DEWEY DECIMAL CLASSIFICATION NUMBER | |
| Classification number | 340.1 |
| Item number | SCH |
| 100 1# - MAIN ENTRY--PERSONAL NAME | |
| Personal name | SCHREIBER, RUPERT |
| 245 10 - TITLE STATEMENT | |
| Title | LOGICA DEL DERECHO |
| 250 ## - EDITION STATEMENT | |
| Edition statement | 4ed. |
| 260 ## - PUBLICATION, DISTRIBUTION, ETC. | |
| Place of publication, distribution, etc. | MEXICO : |
| Name of publisher, distributor, etc. | FONTAMARA, |
| Date of publication, distribution, etc. | 1999 |
| 300 ## - PHYSICAL DESCRIPTION | |
| Extent | 129 |
| Dimensions | x 13 x 21 |
| 490 ## - SERIES STATEMENT | |
| Series statement | BIBLIOTECA DE ETICA, FILOSOFIA DEL DERECHO Y PO... |
| 520 ## - SUMMARY, ETC. | |
| Summary, etc. | LA OBRA HACE UN GRAN ENFASIS SOBRE LA GRAN IMPORTANCIA DE LA LOGICA DEL DERECHO, SOBRE LA VINCULACION DE LAS DESICIONES PARTICULARES CON LAS NORMAS JURIDICAS DE ESTA MENERA LA INVESTIGACION SE PRESUPONE. EN PARTE A SI MISMA. TAMBIEN SE ESTUDIA LA SINTAXIS Y LA SEMANTICA DEL DERECHO Y LAS PECULIARES DEL LENGUAJE JURIDICO. |
| 650 14 - SUBJECT ADDED ENTRY--TOPICAL TERM | |
| Topical term or geographic name entry element | DERECHO FILOSOFIA |
| General subdivision | LOGICA |
| 700 1# - ADDED ENTRY--PERSONAL NAME | |
| Personal name | GARZÓN VALSÉS, ERNESTO |
| Relator term | tr. |
| 740 ## - ADDED ENTRY--UNCONTROLLED RELATED/ANALYTICAL TITLE | |
| Uncontrolled related/analytical title | LOGIK DES RECHTS |
| Withdrawn status | Lost status | Source of classification or shelving scheme | Damaged status | Not for loan | Collection code | Home library | Current library | Shelving location | Date acquired | Source of acquisition | Inventory number | Total Checkouts | Full call number | Barcode | Date last seen | Date last checked out | Price effective from | Koha item type |
|---|---|---|---|---|---|---|---|---|---|---|---|---|---|---|---|---|---|---|
| Dewey Decimal Classification | General | Biblioteca Karol Wojtyla | Biblioteca Karol Wojtyla | Sala general | 03/12/2013 | Compra | 151000000000000000050813 | 340.1 SCH | 64717 | 05/01/2026 | 19/06/2016 | 03/12/2013 | Libro |